[Event "39. Torneo de Ajedrez Villa de Mislata"]
[Site "Mislata ESP"]
[Date "2005.08.21"]
[Round "4.1"]
[White "Kovacevic, Slobodan"]
[Black "Cabrera, Alexis"]
[Result "0-1"]
[WhiteElo "2314"]
[BlackElo "2511"]
[PlyCount "100"]
[EventDate "2005.08.18"]
[EventType "swiss"]
[EventRounds "9"]
[EventCountry "ESP"]
[Source "lmi"]
[SourceDate "2005.08.27"]

1. d4 Nf6 2. Nf3 g6 3. c3 Bg7 4. Bg5 O-O 5. Nbd2 d5 6. e3 b6 7. Be2 c5 8. O-O
Nc6 9. Qa4 Bd7 10. Qa3 c4 11. b3 b5 12. Ne5 Re8 13. Bf3 Qc8 14. bxc4 bxc4 15.
Bxf6 exf6 16. Nxd7 Qxd7 17. Qa6 Ne7 18. Rfb1 Rab8 19. e4 Bh6 20. Nf1 dxe4 21.
Rxb8 Rxb8 22. Bxe4 f5 23. Bf3 Qc7 24. Re1 Kf8 25. g3 Nc8 26. Qf6 Bg7 27. Qh4 h6
28. Ne3 Nb6 29. Qh3 Re8 30. Qf1 Qc8 31. Nd5 Rxe1 32. Qxe1 Qe6 33. Ne3 Bf6 34.
Qb1 f4 35. gxf4 Qd6 36. Qe4 Qa3 37. Ng4 Bg7 38. f5 gxf5 39. Qxf5 Qxc3 40. Ne5
Bxe5 41. dxe5 Qc1+ 42. Kg2 Qg5+ 43. Bg4 c3 44. f4 Qg6 45. e6 Qxf5 46. Bxf5 fxe6
47. Bd3 Nd5 48. Kf3 Nb4 49. Ke3 c2 50. Bxc2 Nxc2+ 0-1

[Event "39. Torneo de Ajedrez Villa de Mislata"]
[Site "Mislata ESP"]
[Date "2005.08.21"]
[Round "4.2"]
[White "Abreu, Aryam"]
[Black "Cruz Ravina, Francisco Javier"]
[Result "1-0"]
[WhiteElo "2442"]
[BlackElo "2303"]
[PlyCount "79"]
[EventDate "2005.08.18"]
[EventType "swiss"]
[EventRounds "9"]
[EventCountry "ESP"]
[Source "lmi"]
[SourceDate "2005.08.27"]

1. e4 d5 2. exd5 Nf6 3. d4 Nxd5 4. c4 Nb4 5. Qa4+ N8c6 6. a3 Na6 7. d5 Nc5 8.
Qd1 Ne5 9. b4 Ncd7 10. Bb2 Ng6 11. h4 h5 12. g3 a5 13. Be2 Nf6 14. Nd2 e6 15.
dxe6 Bxe6 16. Bc3 Bd6 17. Ngf3 c5 18. bxa5 Qc7 19. Qb3 O-O 20. Qb2 Rfe8 21. Kf1
Bg4 22. Re1 Bxg3 23. Rb1 Qf4 24. Bxf6 gxf6 25. Qc2 Rxe2 26. Kxe2 Bxf3+ 27. Nxf3
Re8+ 28. Kf1 Qxf3 29. Rh3 Qc6 30. Rb6 Qf3 31. Rb3 Qc6 32. Rbxg3 Kf8 33. Rxg6
fxg6 34. Qxg6 Qe6 35. Qh6+ Kf7 36. Qxh5+ Kf8 37. Qxc5+ Qe7 38. Qxe7+ Rxe7 39.
Rb3 Re5 40. Rb5 1-0

[Event "39. Torneo de Ajedrez Villa de Mislata"]
[Site "Mislata ESP"]
[Date "2005.08.21"]
[Round "4.3"]
[White "Carbonell Bofill, Carlos"]
[Black "Ortega Hermida, Daniel"]
[Result "1-0"]
[WhiteElo "2156"]
[BlackElo "2396"]
[PlyCount "58"]
[EventDate "2005.08.18"]
[EventType "swiss"]
[EventRounds "9"]
[EventCountry "ESP"]
[Source "lmi"]
[SourceDate "2005.08.27"]

1. d4 Nf6 2. f4 c5 3. c3 g6 4. dxc5 Bg7 5. Nd2 Qc7 6. Nb3 O-O 7. Nf3 b6 8. Be3
bxc5 9. Bxc5 Re8 10. g3 d6 11. Ba3 Nbd7 12. Bg2 Bb7 13. Nh4 Nb6 14. Na5 Bxg2
15. Nxg2 Nbd5 16. Nb3 Nb6 17. Na5 Qd7 18. Ne3 e5 19. fxe5 Rxe5 20. Nac4 Nxc4
21. Nxc4 Qc6 22. Nxe5 Qxh1+ 23. Kd2 Ne4+ 24. Kc2 Qxd1+ 25. Rxd1 Bxe5 26. Rd5
Rc8 27. Bb4 f5 28. a4 Kf7 29. a5 a6 1-0

[Event "39. Torneo de Ajedrez Villa de Mislata"]
[Site "Mislata ESP"]
[Date "2005.08.21"]
[Round "4.4"]
[White "Jordan Arenas, Manuel"]
[Black "Garcia Fernandez, Carlos"]
[Result "0-1"]
[WhiteElo "2151"]
[BlackElo "2349"]
[PlyCount "46"]
[EventDate "2005.08.18"]
[EventType "swiss"]
[EventRounds "9"]
[EventCountry "ESP"]
[Source "lmi"]
[SourceDate "2005.08.27"]

1. e4 d6 2. Nf3 Nf6 3. Nc3 e5 4. d4 Nbd7 5. Bc4 Be7 6. O-O O-O 7. Qe2 c6 8. a4
b6 9. Rd1 Qc7 10. Ba2 a6 11. h3 Rb8 12. Nh4 exd4 13. Rxd4 Re8 14. Bf4 Ne5 15.
Rad1 b5 16. axb5 axb5 17. Bg3 b4 18. Nb1 Ra8 19. Bb3 c5 20. Bxe5 cxd4 21. Bxd4
Ra1 22. Bc4 Bd8 23. b3 Rxb1 0-1

[Event "39. Torneo de Ajedrez Villa de Mislata"]
[Site "Mislata ESP"]
[Date "2005.08.21"]
[Round "4.5"]
[White "Garcia Roman, Daniel"]
[Black "Megias Chafer, Alejandro"]
[Result "1-0"]
[WhiteElo "2390"]
[BlackElo "2111"]
[PlyCount "139"]
[EventDate "2005.08.18"]
[EventType "swiss"]
[EventRounds "9"]
[EventCountry "ESP"]
[Source "lmi"]
[SourceDate "2005.08.27"]

1. d4 Nf6 2. c4 e6 3. Nf3 b6 4. g3 Bb7 5. Bg2 c5 6. Nc3 cxd4 7. Qxd4 Bc5 8. Qf4
O-O 9. O-O Nc6 10. Rd1 Ne7 11. Qd2 d5 12. cxd5 Nexd5 13. Nxd5 Bxf2+ 14. Kf1
Bxd5 15. b4 a5 16. Qd3 Ne4 17. Qxe4 Bxe4 18. Rxd8 Rfxd8 19. Kxf2 axb4 20. Bb2
f6 21. a3 bxa3 22. Rxa3 Rxa3 23. Bxa3 b5 24. Ke3 Bd5 25. Bh3 Kf7 26. Nd4 Bc4
27. Bg2 Rb8 28. Nc6 Rb6 29. Bb4 Ra6 30. Na5 Bd5 31. Bh3 Ra8 32. Kd4 f5 33. e3
Rd8 34. Ke5 g5 35. Bd6 Be4 36. Bf1 b4 37. Bc4 Bd5 38. Bxd5 exd5 39. Kxd5 Ra8
40. Bxb4 Rb8 41. Nc6 Ra8 42. Ke5 Re8+ 43. Kxf5 Rxe3 44. Kxg5 Rb3 45. Kf4 Ke8
46. Bd2 Rb2 47. Ke3 Kf7 48. h3 Kg6 49. Nd4 Ra2 50. Nf3 Kf5 51. g4+ Kf6 52. Bc3+
Kf7 53. Kf4 Rf2 54. h4 Rc2 55. Be5 Rf2 56. h5 Ke6 57. Bd4 Rf1 58. Ke4 Kf7 59.
Ng5+ Kg8 60. Be5 Rf2 61. Bf4 Rf1 62. Kf5 h6 63. Ne4 Kg7 64. Ng3 Rg1 65. Ke4 Kh7
66. Kf3 Rb1 67. Nf5 Rf1+ 68. Kg3 Rg1+ 69. Kh3 Rf1 70. Bxh6 1-0

[Event "39. Torneo de Ajedrez Villa de Mislata"]
[Site "Mislata ESP"]
[Date "2005.08.21"]
[Round "4.6"]
[White "Galvan Huaraca, Jesus"]
[Black "Gongora, Maikel"]
[Result "0-1"]
[WhiteElo "2226"]
[BlackElo "2466"]
[PlyCount "122"]
[EventDate "2005.08.18"]
[EventType "swiss"]
[EventRounds "9"]
[EventCountry "ESP"]
[Source "lmi"]
[SourceDate "2005.08.27"]

1. d4 Nf6 2. c4 e6 3. Nc3 Bb4 4. f3 d5 5. a3 Bxc3+ 6. bxc3 c5 7. cxd5 Nxd5 8.
dxc5 O-O 9. e4 Nf6 10. Qxd8 Rxd8 11. Bf4 Nc6 12. Bb5 e5 13. Bxc6 exf4 14. Ba4
Bd7 15. c6 Bxc6 16. Bxc6 bxc6 17. Nh3 Rd3 18. Nxf4 Rxc3 19. Kd2 Rb3 20. Rhb1
Rb6 21. Kc3 Kf8 22. Rb4 Ke7 23. Rab1 Nd7 24. Nd3 Kd6 25. Nb2 Kc7 26. Nc4 Rxb4
27. Rxb4 Nb6 28. Ne5 f6 29. Nd3 Nd7 30. Nf4 Re8 31. Ra4 Kb7 32. Rb4+ Nb6 33.
Nd3 Kc7 34. Rd4 g6 35. g3 Re7 36. Kd2 a5 37. Kc3 Re8 38. Kd2 Nd7 39. Rc4 Rb8
40. Kc2 Rb5 41. g4 g5 42. Rc3 Kd6 43. Kc1 Nc5 44. Nb2 Rxb2 45. Kxb2 Na4+ 46.
Kb3 Nxc3 47. Kxc3 Ke5 48. Kc4 Kf4 49. Kc5 Kxf3 50. Kxc6 Kxe4 51. a4 f5 52. gxf5
Kxf5 53. Kb5 g4 54. Kxa5 h5 55. Kb6 h4 56. a5 g3 57. hxg3 h3 58. a6 h2 59. Kb7
h1=Q+ 60. Kb8 Qb1+ 61. Ka8 Ke6 0-1

[Event "39. Torneo de Ajedrez Villa de Mislata"]
[Site "Mislata ESP"]
[Date "2005.08.21"]
[Round "4.8"]
[White "Garcia Martinez, Silvino"]
[Black "Carrascoso Morales, Abel"]
[Result "0-1"]
[WhiteElo "2339"]
[BlackElo "2165"]
[PlyCount "96"]
[EventDate "2005.08.18"]
[EventType "swiss"]
[EventRounds "9"]
[EventCountry "ESP"]
[Source "lmi"]
[SourceDate "2005.08.27"]

1. e4 c5 2. Nf3 Nc6 3. Bb5 g6 4. O-O Bg7 5. Bxc6 dxc6 6. d3 Nf6 7. Nc3 O-O 8.
h3 Qc7 9. Be3 b6 10. Qc1 e5 11. Bh6 Nh5 12. Bxg7 Kxg7 13. Ne2 h6 14. Qd2 Be6
15. b4 cxb4 16. Qxb4 Kh7 17. a4 c5 18. Qb2 Nf4 19. Nxf4 exf4 20. Qf6 g5 21. h4
g4 22. Ne5 f3 23. gxf3 gxf3 24. Kh2 Rg8 25. Rg1 Qd6 26. c3 Rg2+ 27. Rxg2 fxg2
28. f4 Qd8 29. Qxd8 Rxd8 30. f5 Bb3 31. a5 b5 32. Rg1 f6 33. Ng4 Rxd3 34. Nxf6+
Kg7 35. Nh5+ Kf8 36. Rxg2 Rxc3 37. Nf4 Rc2 38. Rxc2 Bxc2 39. Ne6+ Ke7 40. Nxc5
b4 41. Kg3 b3 42. Na4 Bxe4 43. Kf4 Bc6 44. Nb2 Kf6 45. Nc4 Bd7 46. Nd2 b2 47.
Ne4+ Kf7 48. Nc3 Ba4 0-1

[Event "39. Torneo de Ajedrez Villa de Mislata"]
[Site "Mislata ESP"]
[Date "2005.08.21"]
[Round "4.9"]
[White "Vallejo Diaz, Jesus"]
[Black "Durao, Joaquim"]
[Result "1/2-1/2"]
[WhiteElo "2255"]
[BlackElo "2158"]
[PlyCount "53"]
[EventDate "2005.08.18"]
[EventType "swiss"]
[EventRounds "9"]
[EventCountry "ESP"]
[Source "lmi"]
[SourceDate "2005.08.27"]

1. e4 e6 2. d4 d5 3. Nd2 Nf6 4. e5 Nfd7 5. f4 c5 6. c3 Nc6 7. Ndf3 f6 8. Bd3
cxd4 9. cxd4 Bb4+ 10. Bd2 O-O 11. Ne2 fxe5 12. fxe5 Rxf3 13. gxf3 Qh4+ 14. Kf1
Nxd4 15. Nxd4 Qxd4 16. Bxb4 Qxb4 17. Qe2 Qf4 18. Re1 Nxe5 19. Qxe5 Qxf3+ 20.
Kg1 Qxd3 21. h3 Bd7 22. Rh2 Rf8 23. Rg2 g6 24. Rg3 Qc2 25. Rg2 Qc5+ 26. Kh2 Rf5
27. Qb8+ 1/2-1/2

[Event "39. Torneo de Ajedrez Villa de Mislata"]
[Site "Mislata ESP"]
[Date "2005.08.21"]
[Round "4.10"]
[White "Peñas Hernández, Xavier"]
[Black "Peña Riascos, Alexander"]
[Result "0-1"]
[WhiteElo "2177"]
[BlackElo "2249"]
[PlyCount "70"]
[EventDate "2005.08.18"]
[EventType "swiss"]
[EventRounds "9"]
[EventCountry "ESP"]
[Source "lmi"]
[SourceDate "2005.08.27"]

1. e4 c5 2. Nf3 d6 3. d4 cxd4 4. Nxd4 Nf6 5. Nc3 a6 6. Be2 e5 7. Nb3 h6 8. O-O
b5 9. Be3 Be6 10. f4 exf4 11. Bxf4 Be7 12. Bf3 Ra7 13. Be3 Rd7 14. Nd5 Nc6 15.
a4 O-O 16. axb5 axb5 17. Qe2 Qb8 18. Nb6 Ra7 19. Qxb5 Rxa1 20. Rxa1 Ne5 21. Nd4
d5 22. Ra8 Qc7 23. Rxf8+ Bxf8 24. Nxe6 fxe6 25. exd5 Neg4 26. Bd4 Qxh2+ 27. Kf1
Qh1+ 28. Ke2 e5 29. Bf2 Nxf2 30. Kxf2 e4 31. Be2 e3+ 32. Kxe3 Qxg2 33. Nd7 Qh3+
34. Bf3 Nxd7 35. Qd3 Qxf3+ 0-1

[Event "39. Torneo de Ajedrez Villa de Mislata"]
[Site "Mislata ESP"]
[Date "2005.08.21"]
[Round "4.12"]
[White "Komljenovic, Davor"]
[Black "Castillo Martinez, Alberto"]
[Result "1-0"]
[WhiteElo "2473"]
[BlackElo "2102"]
[PlyCount "21"]
[EventDate "2005.08.18"]
[EventType "swiss"]
[EventRounds "9"]
[EventCountry "ESP"]
[Source "lmi"]
[SourceDate "2005.08.27"]

1. c4 c5 2. Nf3 Nf6 3. d4 cxd4 4. Nxd4 d5 5. cxd5 Nxd5 6. e4 Nf6 7. Nc3 a6 8.
Bf4 e6 9. Be2 Bc5 10. Be3 Nc6 11. Nxc6 1-0

[Event "39. Torneo de Ajedrez Villa de Mislata"]
[Site "Mislata ESP"]
[Date "2005.08.21"]
[Round "4.13"]
[White "Alonso Moyano, Jonathan"]
[Black "Mazzarelli, Ariel"]
[Result "1/2-1/2"]
[WhiteElo "2406"]
[BlackElo "2074"]
[PlyCount "68"]
[EventDate "2005.08.18"]
[EventType "swiss"]
[EventRounds "9"]
[EventCountry "ESP"]
[Source "lmi"]
[SourceDate "2005.08.27"]

1. e4 c5 2. Nf3 Nc6 3. Bb5 g6 4. O-O Bg7 5. c3 Nf6 6. Re1 O-O 7. d4 d5 8. e5
Ne4 9. Nbd2 cxd4 10. Bxc6 bxc6 11. cxd4 c5 12. dxc5 Nxc5 13. Nb3 Nxb3 14. Qxb3
Bg4 15. Nd4 Qb6 16. Qxb6 axb6 17. Nc6 Rfe8 18. b3 Bd7 19. Nd4 e6 20. Bb2 Rec8
21. f4 Bf8 22. a4 Bc5 23. Kf1 b5 24. Nxb5 Bxb5+ 25. axb5 Rxa1 26. Rxa1 Rb8 27.
Bc3 Rxb5 28. Ra5 Rxa5 29. Bxa5 Kf8 30. b4 Be3 31. g3 Bd2 32. Ke2 Bc3 33. Kd3
Be1 34. Ke2 Bc3 1/2-1/2

[Event "39. Torneo de Ajedrez Villa de Mislata"]
[Site "Mislata ESP"]
[Date "2005.08.21"]
[Round "4.14"]
[White "Garcia Trobat, Francisco"]
[Black "Tenev Gochev, Petko"]
[Result "1-0"]
[WhiteElo "2313"]
[BlackElo "2053"]
[PlyCount "69"]
[EventDate "2005.08.18"]
[EventType "swiss"]
[EventRounds "9"]
[EventCountry "ESP"]
[Source "lmi"]
[SourceDate "2005.08.27"]

1. d4 d5 2. c4 c6 3. Nf3 Bf5 4. Qb3 b6 5. cxd5 cxd5 6. Nc3 e6 7. e4 dxe4 8.
Bb5+ Ke7 9. Ng5 a6 10. Qa3+ Qd6 11. Qxd6+ Kxd6 12. Nxf7+ Ke7 13. Nxh8 axb5 14.
h3 b4 15. Ne2 e5 16. dxe5 g6 17. g4 Bd7 18. Bg5+ Ke8 19. Rd1 Be7 20. Bf4 Bf8
21. Nd4 Bc6 22. O-O Bc5 23. Ne6 Na6 24. Nxc5 Nxc5 25. Rd6 Bb5 26. Re1 Rxa2 27.
Rxb6 Bc4 28. Rc1 Nd3 29. Rxc4 Nxf4 30. Rxe4 Nxh3+ 31. Kg2 Ng5 32. Rb8+ Ke7 33.
Rexb4 Nh6 34. f4 Nxg4 35. fxg5 1-0

[Event "39. Torneo de Ajedrez Villa de Mislata"]
[Site "Mislata ESP"]
[Date "2005.08.21"]
[Round "4.15"]
[White "Almenar Montaner, Vicente"]
[Black "Gomez Jurado, Luis Alberto"]
[Result "0-1"]
[WhiteElo "2031"]
[BlackElo "2292"]
[PlyCount "40"]
[EventDate "2005.08.18"]
[EventType "swiss"]
[EventRounds "9"]
[EventCountry "ESP"]
[Source "lmi"]
[SourceDate "2005.08.27"]

1. e4 c5 2. Nf3 Nc6 3. Bb5 e6 4. Bxc6 bxc6 5. O-O Ne7 6. b3 Ng6 7. Bb2 f6 8. e5
Be7 9. exf6 Bxf6 10. Bxf6 Qxf6 11. Nc3 O-O 12. Ne4 Qe7 13. Re1 d5 14. Nc3 e5
15. d3 Bg4 16. Qe2 Bxf3 17. gxf3 Nh4 18. Kh1 Nxf3 19. Rg1 Qh4 20. Rg2 Qd4 0-1

[Event "39. Torneo de Ajedrez Villa de Mislata"]
[Site "Mislata ESP"]
[Date "2005.08.22"]
[Round "5.1"]
[White "Ortega Hermida, Daniel"]
[Black "Cabrera, Alexis"]
[Result "1/2-1/2"]
[WhiteElo "2396"]
[BlackElo "2500"]
[PlyCount "33"]
[EventDate "2005.08.18"]
[EventType "swiss"]
[EventRounds "9"]
[EventCountry "ESP"]
[Source "lmi"]
[SourceDate "2005.08.27"]

1. d4 Nf6 2. c4 g6 3. Nf3 Bg7 4. Nc3 O-O 5. g3 c6 6. Bg2 d5 7. Qb3 dxc4 8. Qxc4
b5 9. Qb3 Be6 10. Qc2 Na6 11. O-O Nb4 12. Qb1 Nbd5 13. e4 Qb6 14. Ne5 Nxc3 15.
bxc3 Nd7 16. Nxd7 Bxd7 17. Ba3 1/2-1/2

[Event "39. Torneo de Ajedrez Villa de Mislata"]
[Site "Mislata ESP"]
[Date "2005.08.22"]
[Round "5.2"]
[White "Garcia Fernandez, Carlos"]
[Black "Abreu, Aryam"]
[Result "1/2-1/2"]
[WhiteElo "2349"]
[BlackElo "2442"]
[PlyCount "25"]
[EventDate "2005.08.18"]
[EventType "swiss"]
[EventRounds "9"]
[EventCountry "ESP"]
[Source "lmi"]
[SourceDate "2005.08.27"]

1. e4 c5 2. c3 Nf6 3. e5 Nd5 4. Nf3 Nc6 5. d4 cxd4 6. cxd4 d6 7. Bc4 e6 8. O-O
Be7 9. Qe2 O-O 10. Re1 Na5 11. Bxd5 exd5 12. Nc3 Be6 13. exd6 1/2-1/2

[Event "39. Torneo de Ajedrez Villa de Mislata"]
[Site "Mislata ESP"]
[Date "2005.08.22"]
[Round "5.3"]
[White "Gongora, Maikel"]
[Black "Garcia Roman, Daniel"]
[Result "1/2-1/2"]
[WhiteElo "2466"]
[BlackElo "2390"]
[PlyCount "103"]
[EventDate "2005.08.18"]
[EventType "swiss"]
[EventRounds "9"]
[EventCountry "ESP"]
[Source "lmi"]
[SourceDate "2005.08.27"]

1. e4 e6 2. d4 d5 3. Nc3 Nf6 4. Bg5 dxe4 5. Nxe4 Nbd7 6. Nxf6+ Nxf6 7. Nf3 c5
8. Ne5 a6 9. c3 Qd5 10. Bxf6 gxf6 11. Nc4 Rb8 12. Ne3 Qd6 13. Qf3 Be7 14. O-O-O
cxd4 15. Rxd4 Qc7 16. Bc4 b5 17. Bb3 Bb7 18. Qh3 Rd8 19. Rh4 Qe5 20. Rxh7 Rxh7
21. Qxh7 Bc5 22. Qh3 Bxe3+ 23. Qxe3 Qxe3+ 24. fxe3 Rd3 25. e4 Re3 26. Bc2 Re2
27. Rg1 Bxe4 28. Bxe4 Rxe4 29. Kd2 f5 30. Rf1 Ke7 31. g3 Rc4 32. Rf4 Rc8 33. a4
Rh8 34. Rh4 Rd8+ 35. Ke2 bxa4 36. Rxa4 Rb8 37. b4 Rh8 38. Rxa6 Rxh2+ 39. Ke3
Rg2 40. Kf3 Rb2 41. Kf4 Rb3 42. Rc6 Kd7 43. Rc4 f6 44. Rd4+ Kc6 45. Rd3 Rb1 46.
Ke3 e5 47. Rd8 Rg1 48. Kf2 Rc1 49. Rf8 Kd5 50. Rxf6 Rc2+ 51. Ke1 Rxc3 52. Rxf5
1/2-1/2

[Event "39. Torneo de Ajedrez Villa de Mislata"]
[Site "Mislata ESP"]
[Date "2005.08.22"]
[Round "5.4"]
[White "Peña Riascos, Alexander"]
[Black "Veingold, Aleksandr"]
[Result "0-1"]
[WhiteElo "2249"]
[BlackElo "2465"]
[PlyCount "116"]
[EventDate "2005.08.18"]
[EventType "swiss"]
[EventRounds "9"]
[EventCountry "ESP"]
[Source "lmi"]
[SourceDate "2005.08.27"]

1. d4 Nf6 2. c4 e6 3. Nf3 b6 4. a3 Bb7 5. Nc3 d5 6. e3 Nbd7 7. Bd3 Bd6 8. O-O
O-O 9. cxd5 exd5 10. Bd2 a6 11. Rc1 Ne4 12. Qb3 Ndf6 13. h3 Qe7 14. Bb1 Rfd8
15. Na2 Rab8 16. Bb4 c5 17. Bd2 c4 18. Qd1 Nxd2 19. Nxd2 b5 20. Re1 Ne4 21. Nf1
Qh4 22. Re2 a5 23. Qe1 Ra8 24. Nc3 Nxc3 25. Qxc3 b4 26. axb4 axb4 27. Qe1 Qf6
28. Qd1 g6 29. Nh2 Bc8 30. e4 dxe4 31. Bxe4 Bxh2+ 32. Kxh2 Rxd4 33. Qe1 Rb8 34.
Kg1 Be6 35. Re3 Rd6 36. Qe2 Rbd8 37. Rf3 Qd4 38. Re1 Qd2 39. Re3 Qxe2 40. R1xe2
Rd1+ 41. Kh2 R8d2 42. Kg3 Kg7 43. h4 h6 44. Bc2 Rxe2 45. Rxe2 Rd4 46. f3 Bd5
47. Bb1 Kf6 48. Bc2 b3 49. Bb1 Rd1 50. Be4 Bxe4 51. fxe4 Ke5 52. Kf3 h5 53. Ke3
Rd3+ 54. Kf2 c3 55. bxc3 Rxc3 56. Rd2 Rc2 57. Ke3 Rxd2 58. Kxd2 Kxe4 0-1

[Event "39. Torneo de Ajedrez Villa de Mislata"]
[Site "Mislata ESP"]
[Date "2005.08.22"]
[Round "5.5"]
[White "Vassallo Barroche, Mauricio"]
[Black "Asensio Liñan, Teodoro"]
[Result "1/2-1/2"]
[WhiteElo "2410"]
[BlackElo "2228"]
[PlyCount "43"]
[EventDate "2005.08.18"]
[EventType "swiss"]
[EventRounds "9"]
[EventCountry "ESP"]
[Source "lmi"]
[SourceDate "2005.08.27"]

1. Nf3 c5 2. c4 Nf6 3. g3 Nc6 4. Bg2 e6 5. O-O Be7 6. Nc3 a6 7. d4 cxd4 8. Nxd4
O-O 9. b3 Qc7 10. Bb2 d6 11. Nxc6 bxc6 12. Rc1 Rb8 13. e4 Nd7 14. Qe2 Nc5 15.
f4 a5 16. Ba3 Qb6 17. Kh1 Re8 18. Rfd1 Ba6 19. Qe3 d5 20. cxd5 exd5 21. Nxd5
cxd5 22. Bxc5 1/2-1/2

[Event "39. Torneo de Ajedrez Villa de Mislata"]
[Site "Mislata ESP"]
[Date "2005.08.22"]
[Round "5.6"]
[White "Carrascoso Morales, Abel"]
[Black "Kovacevic, Slobodan"]
[Result "0-1"]
[WhiteElo "2165"]
[BlackElo "2314"]
[PlyCount "84"]
[EventDate "2005.08.18"]
[EventType "swiss"]
[EventRounds "9"]
[EventCountry "ESP"]
[Source "lmi"]
[SourceDate "2005.08.27"]

1. e4 c5 2. Nf3 e6 3. d4 cxd4 4. Nxd4 a6 5. Nc3 Qc7 6. Be2 b5 7. a3 Bb7 8. O-O
Nf6 9. Bf3 Nc6 10. Nxc6 dxc6 11. Qe2 e5 12. Rd1 Be7 13. Be3 O-O 14. g4 h6 15.
Qf1 Nh7 16. Qg2 Bg5 17. Bc5 Be7 18. Be3 Bg5 19. Bc5 Rfd8 20. Ne2 Nf8 21. Bxf8
Kxf8 22. Ng3 g6 23. Ne2 Qe7 24. Nc3 Rd2 25. Rxd2 Bxd2 26. Ne2 Bc8 27. Rd1 Bg5
28. Nc3 Rb8 29. Be2 Be6 30. Qf3 Rb7 31. Kg2 Kg7 32. Nb1 Bf4 33. Nd2 h5 34. h3
Rb8 35. Nf1 hxg4 36. hxg4 Rh8 37. Ng3 Rh4 38. Qc3 Qg5 39. Qxc6 Qh6 40. Bf3 Rh2+
41. Kg1 Bxg3 42. fxg3 Qh3 0-1

[Event "39. Torneo de Ajedrez Villa de Mislata"]
[Site "Mislata ESP"]
[Date "2005.08.22"]
[Round "5.7"]
[White "Komljenovic, Davor"]
[Black "Vallejo Diaz, Javier"]
[Result "1-0"]
[WhiteElo "2473"]
[BlackElo "2156"]
[PlyCount "77"]
[EventDate "2005.08.18"]
[EventType "swiss"]
[EventRounds "9"]
[EventCountry "ESP"]
[Source "lmi"]
[SourceDate "2005.08.27"]

1. d4 d5 2. c4 c6 3. Nf3 Nf6 4. Nc3 dxc4 5. a4 Bf5 6. e3 e6 7. Bxc4 Bb4 8. O-O
Nbd7 9. Nh4 Bg6 10. Nxg6 hxg6 11. g3 Qa5 12. Bd2 O-O-O 13. Qe2 Qf5 14. f3 Qh5
15. Rf2 Bd6 16. Rg2 Rh7 17. a5 Bc7 18. b4 Rdh8 19. Be1 Nd5 20. Ne4 Qh6 21. f4
f6 22. b5 Qh5 23. bxc6 bxc6 24. g4 Qh3 25. Bg3 g5 26. fxg5 Bxg3 27. Nxg3 Nc7
28. Rc1 Nb8 29. Ne4 Rf8 30. Rf1 Nd7 31. g6 Rh6 32. Nd6+ Kd8 33. Nf7+ Rxf7 34.
gxf7 Ke7 35. g5 fxg5 36. Rg3 Qh4 37. Qb2 Nf6 38. Rf2 Rh8 39. Qb7 1-0

[Event "39. Torneo de Ajedrez Villa de Mislata"]
[Site "Mislata ESP"]
[Date "2005.08.22"]
[Round "5.8"]
[White "Olaru, Daniel"]
[Black "Garcia Trobat, Francisco"]
[Result "1-0"]
[WhiteElo "2133"]
[BlackElo "2313"]
[PlyCount "161"]
[EventDate "2005.08.18"]
[EventType "swiss"]
[EventRounds "9"]
[EventCountry "ESP"]
[Source "lmi"]
[SourceDate "2005.08.27"]

1. d4 d6 2. g3 g6 3. Bg2 Bg7 4. e4 c5 5. c3 cxd4 6. cxd4 Nc6 7. d5 Ne5 8. h3
Qa5+ 9. Nc3 b5 10. Nf3 b4 11. Ne2 Nxf3+ 12. Bxf3 Bd7 13. Kf1 Nf6 14. Kg2 O-O
15. Be3 Rfc8 16. Qd2 Rc4 17. a3 Qc7 18. Nd4 bxa3 19. Rxa3 Rb8 20. b3 Rc5 21.
Nc6 Bxc6 22. Bxc5 Bxd5 23. Bxa7 Rxb3 24. Rxb3 Bxb3 25. Bd4 Qc2 26. Qe3 e5 27.
Ba7 Be6 28. Rc1 Qa2 29. Bb8 h5 30. Bxd6 Bxh3+ 31. Kxh3 Qe6+ 32. Kg2 Qxd6 33.
Qc5 Qd2 34. Rd1 Qg5 35. Qc1 Qxc1 36. Rxc1 g5 37. Kf1 g4 38. Bg2 Kh7 39. Rc5 Ne8
40. Rc6 Bf6 41. Ke1 h4 42. gxh4 Bxh4 43. Bf1 f6 44. Be2 g3 45. fxg3 Bxg3+ 46.
Kf1 Kg6 47. Kg2 Bf4 48. Kh3 Ng7 49. Kg4 Nh5 50. Bc4 Ng3 51. Be6 Nf1 52. Bf5+
Kf7 53. Rc7+ Ke8 54. Bh7 Ne3+ 55. Kh5 Bg5 56. Kg6 Kd8 57. Rg7 Nc2 58. Bg8 Nd4
59. Bd5 Bh4 60. Rb7 Bg5 61. Rh7 Ke8 62. Bc4 Kd8 63. Rb7 Ke8 64. Bd3 Kd8 65. Kf7
Bh4 66. Bf1 Kc8 67. Ra7 Kb8 68. Re7 Nc6 69. Rd7 Nd4 70. Bh3 Nb3 71. Bf5 Nc5 72.
Re7 Bg5 73. Ke8 Bh4 74. Kd8 Bg5 75. Rf7 Bh4 76. Rg7 Bg5 77. Rh7 Nb3 78. Kd7 Kb7
79. Kd6+ Kb6 80. Kd5 Nd4 81. Bc8 1-0

[Event "39. Torneo de Ajedrez Villa de Mislata"]
[Site "Mislata ESP"]
[Date "2005.08.22"]
[Round "5.9"]
[White "Cruz Ravina, Francisco Javier"]
[Black "Carbonell Bofill, Carlos"]
[Result "1/2-1/2"]
[WhiteElo "2303"]
[BlackElo "2156"]
[PlyCount "86"]
[EventDate "2005.08.18"]
[EventType "swiss"]
[EventRounds "9"]
[EventCountry "ESP"]
[Source "lmi"]
[SourceDate "2005.08.27"]

1. e4 e6 2. d3 d5 3. Nd2 Nf6 4. Ngf3 Bc5 5. e5 Nfd7 6. Nb3 Be7 7. h4 c5 8. c4
Nc6 9. Qe2 a5 10. Bf4 a4 11. Nbd2 b5 12. cxd5 exd5 13. e6 fxe6 14. g3 Nb4 15.
Qd1 a3 16. bxa3 Rxa3 17. Be2 Bf6 18. O-O Bxa1 19. Qxa1 Qf6 20. d4 Ba6 21. Ne5
Rxa2 22. Qc3 Rc2 23. Qa3 Nxe5 24. Bxe5 Qf7 25. dxc5 Rxd2 26. Bxb5+ Bxb5 27.
Qa8+ Ke7 28. Qb7+ Kf8 29. Qxb5 Kg8 30. Qxb4 Re2 31. Qb8+ Qf8 32. Rb1 Kf7 33.
Rb7+ Kg6 34. Qxf8 Rxf8 35. Rxg7+ Kh6 36. Rg5 Rexf2 37. Bf4 R8xf4 38. gxf4 Rc2
39. Re5 Rxc5 40. Rxe6+ Kh5 41. Kg2 Kxh4 42. Rh6+ Kg4 43. Rxh7 Kxf4 1/2-1/2

[Event "39. Torneo de Ajedrez Villa de Mislata"]
[Site "Mislata ESP"]
[Date "2005.08.22"]
[Round "5.10"]
[White "Gomez Jurado, Luis Alberto"]
[Black "Gonzalez Aguirre, Luis"]
[Result "1/2-1/2"]
[WhiteElo "2292"]
[BlackElo "2153"]
[PlyCount "135"]
[EventDate "2005.08.18"]
[EventType "swiss"]
[EventRounds "9"]
[EventCountry "ESP"]
[Source "lmi"]
[SourceDate "2005.08.27"]

1. d4 Nf6 2. Nf3 e6 3. c4 d5 4. Nc3 Bb4 5. Bg5 Nbd7 6. cxd5 exd5 7. e3 c5 8.
Bd3 Qa5 9. Qc2 c4 10. Bf5 g6 11. Bxd7+ Nxd7 12. O-O O-O 13. e4 Nb6 14. a3 Bxc3
15. bxc3 dxe4 16. Qxe4 Qf5 17. Qe3 Nd5 18. Qc1 f6 19. Bd2 Bd7 20. a4 Rfe8 21.
Re1 Rxe1+ 22. Qxe1 Re8 23. Qf1 Bc6 24. Qxc4 Kg7 25. Qc5 Qc2 26. c4 Nc3 27. Qd6
Nb1 28. h4 Nxd2 29. Nxd2 Qxd2 30. d5 Bxa4 31. Qc7+ Kh6 32. d6 Bc6 33. d7 Bxd7
34. Qxb7 Re1+ 35. Rxe1 Qxe1+ 36. Kh2 Qe5+ 37. Kg1 Qa1+ 38. Kh2 Qa4 39. c5 a5
40. Qc7 Qxh4+ 41. Kg1 Qa4 42. f4 Qb5 43. Qd6 a4 44. Kh2 Bc6 45. Qf8+ Kh5 46.
Qe7 Qb2 47. Qxh7+ Kg4 48. Qxg6+ Kxf4 49. Qg3+ Kf5 50. Qd3+ Be4 51. Qd7+ Kf4 52.
Qd6+ Ke3 53. Qg3+ Kd4 54. c6 a3 55. c7 Bb7 56. Qg4+ Kd5 57. Qd7+ Kc4 58. c8=Q+
Bxc8 59. Qxc8+ Kb3 60. Qb7+ Ka2 61. Qd5+ Qb3 62. Qd2+ Kb1 63. Qe1+ Ka2 64. Qd2+
Qb2 65. Qd5+ Qb3 66. Qd2+ Kb1 67. Qe1+ Kc2 68. Qe2+ 1/2-1/2